[Event "FRA-chT4 1314"]
[Site "Champagne Ardennes"]
[Date "2013.12.15"]
[Round "3"]
[White "Kerlau, Gildas"]
[Black "Barnier, Christophe"]
[Result "1-0"]
[WhiteElo "1792"]
[BlackElo "1798"]
[PlyCount "119"]
[EventDate "2013.10.25"]
[EventType "team-tourn"]
[EventRounds "7"]
[EventCountry "FRA"]
[SourceTitle "EXT 2024"]
[Source "ChessBase"]
[SourceDate "2023.10.10"]
[SourceVersion "1"]
[SourceVersionDate "2023.10.10"]
[SourceQuality "1"]

1. d4 Nf6 2. c4 g6 3. Nc3 Bg7 4. e4 d6 5. f4 0-0 6. Nf3 e5 7. fxe5 dxe5 8. d5 Nh5 9. Be2 f5 10. 0-0 f4 11. c5 a5 12. Bd2 Nd7 13. Na4 Qe7 14. Qc2 h6 15. Bc4 Kh8 16. Be2 Bf6 17. Rac1 Nb8 18. a3 Bd7 19. b3 Be8 20. Nb2 g5 21. b4 g4 22. Ne1 axb4 23. axb4 Rg8 24. Bc4 Rg6 25. Ned3 f3 26. g3 Ng7 27. Ra1 Rxa1 28. Rxa1 Nd7 29. Ra7 Bg5 30. Rxb7 Bxd2 31. Qxd2 Qd8 32. c6 Nb6 33. Nxe5 Rg5 34. Qf4 Ne6 35. Nf7+ Bxf7 36. Qxf7 Re5 37. Bd3 Ng5 38. Qg6 Nh3+ 39. Kf1 Qa8 40. Qxh6+ Kg8 41. Qg6+ Kh8 42. Rb8+ Qxb8 43. Qf6+ Kg8 44. Qxe5 Qa7 45. Qe8+ Kg7 46. Qe7+ Kg8 47. Qe6+ Kg7 48. Qxg4+ Kf8 49. Qxf3+ Ke7 50. Kg2 Ng5 51. Qf5 Nf7 52. e5 Qa2 53. Qf6+ Ke8 54. e6 Qxd5+ 55. Kf1 Qh1+ 56. Ke2 Qxh2+ 57. Kd1 Qh1+ 58. Kc2 Qxc6+ 59. Kb3 Nd5 60. exf7+ 1-0

[Event "FRA-chT4 1314"]
[Site "Champagne Ardennes"]
[Date "2013.10.13"]
[Round "1"]
[White "Barnier, Christophe"]
[Black "Regnier, Cedric"]
[Result "1-0"]
[WhiteElo "1798"]
[BlackElo "1585"]
[PlyCount "52"]
[EventDate "2013.10.25"]
[EventType "team-tourn"]
[EventRounds "7"]
[EventCountry "FRA"]
[SourceTitle "EXT 2024"]
[Source "ChessBase"]
[SourceDate "2023.10.10"]
[SourceVersion "1"]
[SourceVersionDate "2023.10.10"]
[SourceQuality "1"]

1. d4 d5 2. Nf3 Nf6 3. Bf4 e6 4. e3 Nbd7 5. Bd3 Nh5 6. Bg5 Nhf6 7. 0-0 c5 8. c3 Be7 9. Nbd2 0-0 10. Re1 Qc7 11. Bf4 Bd6 12. Bxd6 Qxd6 13. e4 e5 14. exd5 exd4 15. c4 b6 16. Qc2 Bb7 17. Re2 b5 18. b3 h6 19. h3 Rfe8 20. Rae1 Rxe2 21. Rxe2 Re8 22. Rxe8+ Nxe8 23. Ne4 Qb6 24. Qe2 Ndf6 25. Nxf6+ Nxf6 26. Qe5 b4 1-0

[Event "FRA-chT3"]
[Site "France"]
[Date "2012.03.24"]
[Round "4.6"]
[White "Barnier, Christophe"]
[Black "Louis, Vincent"]
[Result "1-0"]
[WhiteElo "1863"]
[BlackElo "1560"]
[PlyCount "45"]
[EventDate "2012.01.20"]
[EventType "team-match"]
[EventRounds "9"]
[EventCountry "FRA"]
[SourceTitle "EXT 2014"]
[Source "ChessBase"]
[SourceDate "2013.11.20"]
[SourceVersion "1"]
[SourceVersionDate "2013.11.20"]
[SourceQuality "1"]

1. d4 e6 2. Nf3 h6 3. Bf4 d5 4. e3 a6 5. Bd3 Nc6 6. c3 Bd7 7. Nbd2 Bd6 8. Bg3 Bxg3 9. hxg3 Nge7 10. Qc2 Na7 11. Ne5 Rf8 12. Ndf3 c6 13. Nxd7 Qxd7 14. Ne5 Qc7 15. 0-0 0-0-0 16. b4 Nb5 17. a4 Nd6 18. Rfc1 f6 19. Nf3 Kd7 20. Nd2 b5 21. Nb3 f5 22. Nc5+ Ke8 23. Nxe6 1-0

[Event "FRA-chT3"]
[Site "France"]
[Date "2011.12.11"]
[Round "3"]
[White "Louot, Catherine"]
[Black "Barnier, Christophe"]
[Result "0-1"]
[WhiteElo "1567"]
[BlackElo "1857"]
[PlyCount "58"]
[EventDate "2012.01.20"]
[EventType "team-match"]
[EventRounds "9"]
[EventCountry "FRA"]
[SourceTitle "EXT 2014"]
[Source "ChessBase"]
[SourceDate "2013.11.20"]
[SourceVersion "1"]
[SourceVersionDate "2013.11.20"]
[SourceQuality "1"]

1. e4 Nc6 2. d4 d5 3. exd5 Qxd5 4. Be3 e5 5. c3 exd4 6. cxd4 Be6 7. a3 Qb3 8. Qxb3 Bxb3 9. Bb5 Nge7 10. Nc3 0-0-0 11. Nf3 a6 12. Bxc6 Nxc6 13. 0-0 f6 14. Nd2 Bf7 15. Ne2 Bh5 16. f3 Re8 17. Ng3 Rxe3 18. Nxh5 Nxd4 19. Nc4 Re2 20. Rad1 Bc5 21. Kh1 b5 22. b4 Ba7 23. Nd2 Nf5 24. Rc1 Rxd2 25. g4 Nh4 26. Nxg7 Rg8 27. Ne6 Bb6 28. Rc6 Kd7 29. Rfc1 Nxf3 0-1

[Event "FRA-chT2 East 0708"]
[Site "France"]
[Date "2008.01.19"]
[Round "5.6"]
[White "Barnier, Christophe"]
[Black "Cordier, Arnaud"]
[Result "0-1"]
[WhiteElo "1906"]
[BlackElo "2144"]
[PlyCount "62"]
[EventDate "2007.10.21"]
[EventType "team"]
[EventRounds "11"]
[EventCountry "FRA"]
[SourceTitle "EXT 2009"]
[Source "ChessBase"]
[SourceDate "2008.11.26"]
[SourceVersion "1"]
[SourceVersionDate "2008.11.26"]
[SourceQuality "1"]
[WhiteTeam "Reims"]
[BlackTeam "Epinal"]
[WhiteTeamCountry "FRA"]
[BlackTeamCountry "FRA"]

1. d4 Nf6 2. Nf3 g6 3. g3 Bg7 4. Bg2 0-0 5. 0-0 d6 6. c4 Nbd7 7. Nc3 e5 8. e4 c6 9. d5 cxd5 10. cxd5 a6 11. Bd2 b5 12. b4 Nb6 13. a4 bxa4 14. Re1 Bd7 15. Nxa4 Nxa4 16. Rxa4 Bxa4 17. Qxa4 Qd7 18. Qxd7 Nxd7 19. Ra1 f5 20. Ng5 Bh6 21. f4 fxe4 22. Ne6 Rfc8 23. Bxe4 Nf8 24. Ng5 Bxg5 25. fxg5 Rc4 26. Bb1 Rd4 27. Bc3 Rd1+ 28. Kg2 Rc8 29. Be4 Rxa1 30. Bxa1 Rc4 31. Bd3 Rxb4 0-1

[Event "FRA-chT Top 16 GP Basse"]
[Site "Port Barcares"]
[Date "2005.05.06"]
[Round "10"]
[White "Templier, Nicolas"]
[Black "Barnier, Christophe"]
[Result "1-0"]
[WhiteElo "2299"]
[BlackElo "1997"]
[PlyCount "79"]
[EventDate "2005.05.04"]
[EventType "team-tourn"]
[EventRounds "4"]
[EventCountry "FRA"]
[SourceTitle "EXT 2006"]
[Source "ChessBase"]
[SourceDate "2005.11.24"]
[SourceVersion "1"]
[SourceVersionDate "2005.11.24"]
[SourceQuality "1"]
[WhiteTeam "Vandoeuvre"]
[BlackTeam "Reims"]
[WhiteTeamCountry "FRA"]
[BlackTeamCountry "FRA"]

1. d4 d5 2. c4 c6 3. Nf3 Nf6 4. Qc2 e6 5. e3 Bd6 6. Nc3 0-0 7. Be2 Nbd7 8. 0-0 Re8 9. Rd1 Qe7 10. a3 dxc4 11. Bxc4 h6 12. h3 b5 13. Be2 Bb7 14. Rb1 a5 15. Nd2 Rac8 16. Nce4 Bb8 17. Nc5 Qd6 18. Nf3 Qc7 19. b4 a4 20. Bb2 Nb6 21. Rbc1 Red8 22. g3 Nbd5 23. Qd2 Ne7 24. Bd3 Rd5 25. Qe2 Rh5 26. Qf1 Nfd5 27. g4 Rg5 28. Qg2 Rg6 29. Bxg6 Nxg6 30. Rc2 Nb6 31. h4 Nc4 32. h5 Ne7 33. Nd2 Nxb2 34. Rxb2 Nd5 35. Rc2 Re8 36. Rdc1 e5 37. dxe5 Rxe5 38. Nxb7 Qxb7 39. Rxc6 Kh7 40. Nf3 1-0

[Event "FRA-chT Top 16 GpA"]
[Site "Noyon"]
[Date "2005.03.31"]
[Round "4.8"]
[White "Barnier, Christophe"]
[Black "Flear, Christine"]
[Result "0-1"]
[WhiteElo "1997"]
[BlackElo "2245"]
[PlyCount "86"]
[EventDate "2005.03.31"]
[EventType "team-tourn"]
[EventRounds "7"]
[EventCountry "FRA"]
[SourceTitle "CBM 105 Extra"]
[Source "ChessBase"]
[SourceDate "2005.05.01"]
[SourceVersion "1"]
[SourceVersionDate "2005.05.01"]
[SourceQuality "1"]
[WhiteTeam "Reims"]
[BlackTeam "Montpellier"]
[WhiteTeamCountry "FRA"]
[BlackTeamCountry "FRA"]

1. d4 d5 2. Nf3 Nf6 3. c4 dxc4 4. Qa4+ Nc6 5. Qxc4 e6 6. a3 Be7 7. e3 0-0 8. Bd3 a5 9. 0-0 Bd7 10. Qc2 g6 11. b3 Na7 12. Bb2 Bb5 13. Bxb5 Nxb5 14. Qe2 c6 15. Nbd2 Re8 16. Ne5 Bf8 17. Qf3 Bg7 18. Rfc1 a4 19. b4 Qe7 20. Ndc4 Ra6 21. Rc2 Nd7 22. Nxd7 Qxd7 23. Ne5 Bxe5 24. dxe5 Qd3 25. Qd1 Rd8 26. Rcc1 Raa8 27. Qxd3 Rxd3 28. Rd1 Rad8 29. Rxd3 Rxd3 30. Kf1 Rd2 31. Rb1 g5 32. Ke1 Rc2 33. Kf1 h5 34. g3 Kh7 35. Ke1 g4 36. Kf1 Kg6 37. e4 Kg7 38. Ke1 Nc3 39. Bxc3 Rxc3 40. Ra1 Rc4 41. Kd2 Rxe4 42. Re1 Rxe1 43. Kxe1 Kg6 0-1

[Event "FRA-chT4"]
[Site "Ech Ardennais/La Francheville"]
[Date "2004.12.05"]
[Round "3"]
[White "Barnier, Christophe"]
[Black "Collin, Patrick"]
[Result "1/2-1/2"]
[WhiteElo "1997"]
[BlackElo "1760"]
[PlyCount "93"]
[EventDate "2004.10.10"]
[EventType "team"]
[EventRounds "3"]
[EventCountry "FRA"]
[SourceTitle "EXT 2007"]
[Source "ChessBase"]
[SourceDate "2006.11.23"]
[SourceVersion "1"]
[SourceVersionDate "2006.11.23"]
[SourceQuality "1"]

1. d4 d6 2. c4 g6 3. g3 Bg7 4. Bg2 Nf6 5. Nf3 0-0 6. 0-0 c6 7. Nc3 Qc7 8. e4 Bg4 9. h3 Bxf3 10. Bxf3 Na6 11. Be3 Rfe8 12. Bg2 Nd7 13. Qd2 e5 14. d5 Nab8 15. Rac1 c5 16. Nb5 Qb6 17. a4 a5 18. Bh6 Bh8 19. Kh2 Na6 20. b3 Nc7 21. f4 Nxb5 22. cxb5 Qd8 23. f5 b6 24. Rf2 Ra7 25. Rcf1 Nf8 26. Bxf8 Rxf8 27. f6 Rc7 28. Qd3 h6 29. Qc4 Kh7 30. h4 Ra7 31. g4 g5 32. h5 Qd7 33. Rf5 Raa8 34. R1f3 Qd8 35. Bf1 Qd7 36. Bd3 Rae8 37. Qc1 Rg8 38. Kg3 Qd8 39. Qe3 Qc7 40. Rf1 Qd8 41. R5f2 Qd7 42. Qf3 Ra8 43. Rc1 Rgc8 44. Rfc2 Kg8 45. Qf1 Kh7 46. Rf2 Re8 47. Rf5 1/2-1/2

[Event "La Fere op 3rd"]
[Site "La Fere"]
[Date "2004.07.03"]
[Round "1"]
[White "Barnier, Christophe"]
[Black "Gozzoli, Yannick"]
[Result "0-1"]
[WhiteElo "2008"]
[BlackElo "2429"]
[PlyCount "86"]
[EventDate "2004.07.03"]
[EventType "swiss"]
[EventRounds "9"]
[EventCountry "FRA"]
[SourceTitle "CBM 101 Extra"]
[Source "ChessBase"]
[SourceDate "2004.09.01"]
[SourceVersion "2"]
[SourceVersionDate "2004.09.01"]
[SourceQuality "1"]

1. d4 Nf6 2. Nf3 d5 3. Bf4 c5 4. e3 Qb6 5. Qc1 Nc6 6. c3 Bf5 7. Nbd2 Rc8 8. dxc5 Qxc5 9. Nb3 Qb6 10. Nbd4 Bg6 11. Bb5 e6 12. Ne5 Be7 13. Nexc6 bxc6 14. Be2 0-0 15. 0-0 Nh5 16. Bg3 Nxg3 17. hxg3 Bf6 18. Nf3 Rb8 19. b4 c5 20. a3 Rfc8 21. b5 Qa5 22. Ra2 c4 23. Nd4 Bxd4 24. exd4 Rxb5 25. Bd1 Rb1 26. Qd2 Rcb8 27. g4 Qb6 28. Qe3 Qd6 29. f4 Be4 30. Bf3 Rxf1+ 31. Kxf1 Rb1+ 32. Kf2 f5 33. g5 Bd3 34. Be2 Rb3 35. Qc1 Be4 36. Bd1 Rb1 37. Qd2 h6 38. gxh6 Qe7 39. Kg3 Qf6 40. Rb2 Qg6+ 41. Kh2 Qxh6+ 42. Kg3 g5 43. Rxb1 Qh4# 0-1

[Event "Reims ligue excellence"]
[Site "Reims"]
[Date "2003.06.09"]
[Round "6"]
[White "Barnier, Christophe"]
[Black "Michaud, Jean Noel"]
[Result "1/2-1/2"]
[WhiteElo "1900"]
[BlackElo "1960"]
[PlyCount "114"]
[EventDate "2003.06.??"]
[EventType "swiss"]
[EventRounds "6"]
[EventCountry "FRA"]
[SourceTitle "EXT 2005"]
[Source "ChessBase"]
[SourceDate "2004.11.15"]
[SourceVersion "1"]
[SourceVersionDate "2004.11.15"]
[SourceQuality "1"]

1. d4 Nf6 2. Nf3 e6 3. Bf4 Be7 4. h3 d5 5. e3 Nbd7 6. Nbd2 b6 7. Bb5 0-0 8. 0-0 Bb7 9. c3 c6 10. Bd3 Re8 11. Rc1 c5 12. Re1 Rc8 13. Bb1 Nf8 14. Ne5 Ng6 15. Nxg6 hxg6 16. Nf3 Nd7 17. Ne5 Nxe5 18. Bxe5 Bd6 19. Bxd6 Qxd6 20. f4 cxd4 21. cxd4 Qb4 22. Qe2 Rxc1 23. Rxc1 Rc8 24. Rxc8+ Bxc8 25. a3 Qd6 26. Bd3 Qc7 27. Qd2 Bb7 28. Kf2 a5 29. Bb5 Kf8 30. Ke2 Ke7 31. Qc3 Qxc3 32. bxc3 Bc8 33. Kd3 f6 34. g4 g5 35. fxg5 fxg5 36. Ke2 Bb7 37. Kf2 Bc8 38. Kg3 Kf6 39. Bc6 Ba6 40. e4 dxe4 41. Bxe4 Bc4 42. Kf2 Ke7 43. Bf3 e5 44. Ke3 exd4+ 45. Kxd4 Bf1 46. Kd5 a4 47. c4 Bxh3 48. Kc6 Bf1 49. Kb5 Kd6 50. Bd1 Kc7 51. Bf3 Bd3 52. Bd1 Bf1 53. Kb4 Kd6 54. Bf3 Bd3 55. Kc3 Bf1 56. Kd4 Bh3 57. Bd1 Bf1 1/2-1/2

[Event "Reims ligue excellence"]
[Site "Reims"]
[Date "2003.06.08"]
[Round "3"]
[White "Barnier, Christophe"]
[Black "Laval, Brice"]
[Result "0-1"]
[WhiteElo "1900"]
[BlackElo "2094"]
[PlyCount "58"]
[EventDate "2003.06.??"]
[EventType "swiss"]
[EventRounds "6"]
[EventCountry "FRA"]
[SourceTitle "EXT 2005"]
[Source "ChessBase"]
[SourceDate "2004.11.15"]
[SourceVersion "1"]
[SourceVersionDate "2004.11.15"]
[SourceQuality "1"]

1. d4 g6 2. Nf3 Bg7 3. Bf4 d6 4. c3 Nc6 5. Nbd2 e5 6. dxe5 Nxe5 7. h3 Qe7 8. e3 Nf6 9. Be2 0-0 10. 0-0 a6 11. a4 Rb8 12. Re1 h6 13. Nc4 Rd8 14. Qc1 Nxc4 15. Bxc4 b5 16. axb5 axb5 17. Be2 Ne4 18. Bd3 Nc5 19. Bc2 b4 20. Nd4 bxc3 21. bxc3 Bb7 22. Rb1 Ne6 23. Bg3 c5 24. Nb5 Bc6 25. Bd3 Rb7 26. Qc2 Qg5 27. Nxd6 Rxd6 28. Rxb7 Bxb7 29. h4 Qd5 0-1

[Event "Reims ligue excellence"]
[Site "Reims"]
[Date "2003.06.08"]
[Round "4"]
[White "Grandjean, Pierre Emmanuel"]
[Black "Barnier, Christophe"]
[Result "1-0"]
[WhiteElo "2000"]
[BlackElo "1900"]
[PlyCount "81"]
[EventDate "2003.06.??"]
[EventType "swiss"]
[EventRounds "6"]
[EventCountry "FRA"]
[SourceTitle "EXT 2005"]
[Source "ChessBase"]
[SourceDate "2004.11.15"]
[SourceVersion "1"]
[SourceVersionDate "2004.11.15"]
[SourceQuality "1"]

1. e4 Nc6 2. d4 d5 3. e5 Bf5 4. a3 e6 5. Ne2 Be7 6. Ng3 Bg6 7. Be2 Qd7 8. b3 0-0-0 9. Bb2 f6 10. f4 fxe5 11. fxe5 Rf8 12. Bf3 Bh4 13. Nc3 Nge7 14. Nce2 Nf5 15. Bc1 Rf7 16. 0-0 Bxg3 17. hxg3 Rhf8 18. c3 Nfe7 19. Bf4 h6 20. Kh2 Bh7 21. Rh1 Kb8 22. b4 Nc8 23. Nc1 Nb6 24. Be2 Be4 25. Nb3 Qd8 26. Nc5 Qc8 27. Nxe4 dxe4 28. Bh5 Rf5 29. Bg6 Rxf4 30. gxf4 Rxf4 31. Qe2 Qd8 32. g3 Rf8 33. Rhf1 Rh8 34. Bxe4 h5 35. Rf4 h4 36. Raf1 hxg3+ 37. Kxg3 Nd7 38. Qg4 Ncxe5 39. dxe5 g5 40. R4f2 Qe7 41. Rf7 1-0

[Event "FRA-chT4 0203"]
[Site "Champagne Ardenne"]
[Date "2003.03.16"]
[Round "6"]
[White "Guilbaut, Bertrand"]
[Black "Barnier, Christophe"]
[Result "1-0"]
[WhiteElo "1840"]
[BlackElo "1870"]
[PlyCount "59"]
[EventDate "2002.10.02"]
[EventType "team"]
[EventRounds "7"]
[EventCountry "FRA"]
[SourceTitle "EXT 2005"]
[Source "ChessBase"]
[SourceDate "2004.11.15"]
[SourceVersion "1"]
[SourceVersionDate "2004.11.15"]
[SourceQuality "1"]

1. c4 c5 2. Nc3 Nc6 3. Nf3 Nf6 4. g3 g6 5. Bg2 Bg7 6. 0-0 0-0 7. d3 h6 8. a3 a5 9. Rb1 e5 10. Be3 d6 11. Nb5 Be6 12. Bd2 Rb8 13. Qc1 Kh7 14. b4 axb4 15. axb4 Nd4 16. Nbxd4 exd4 17. bxc5 dxc5 18. Bf4 Ra8 19. Rxb7 Nd7 20. Qb1 Qa5 21. Rb5 Qa3 22. Bd6 Rfc8 23. Nd2 Ra6 24. Bb7 Rxd6 25. Bxc8 Rc6 26. Bb7 Rc7 27. Rb3 Qa5 28. Qb2 Qa7 29. Ra1 Qb8 30. Ra8 1-0

[Event "FRA-chT4 0203"]
[Site "Champagne Ardenne"]
[Date "2003.02.02"]
[Round "5"]
[White "Barnier, Christophe"]
[Black "Talbot, Remy"]
[Result "1-0"]
[WhiteElo "1870"]
[BlackElo "1590"]
[PlyCount "107"]
[EventDate "2002.10.02"]
[EventType "team"]
[EventRounds "7"]
[EventCountry "FRA"]
[SourceTitle "EXT 2005"]
[Source "ChessBase"]
[SourceDate "2004.11.15"]
[SourceVersion "1"]
[SourceVersionDate "2004.11.15"]
[SourceQuality "1"]

1. d4 Nf6 2. Nf3 g6 3. c4 Bg7 4. g3 c5 5. d5 e6 6. Nc3 exd5 7. cxd5 d6 8. Bg2 0-0 9. 0-0 Nbd7 10. Re1 Re8 11. e4 Nh5 12. Bg5 Qb6 13. Rb1 Ne5 14. Nd2 Bg4 15. Qc2 h6 16. Be3 Bd7 17. h3 f5 18. f4 Nf7 19. Kh2 Rac8 20. Nf3 Bd4 21. Nh4 g5 22. Qe2 Bxe3 23. Qxh5 gxf4 24. Qg6+ Kf8 25. exf5 fxg3+ 26. Qxg3 Bg5 27. Ng6+ Kg7 28. Be4 Rxe4 29. Nxe4 Bxf5 30. Nxg5 hxg5 31. Ne7 Bxb1 32. Qc3+ Kf8 33. Nxc8 Qd8 34. Rxb1 Qxc8 35. Qf6 Qe8 36. Rf1 Qe5+ 37. Qxe5 dxe5 38. Kg3 Kg7 39. a4 Nd6 40. Kg4 Kg6 41. Rf8 e4 42. Rd8 Nc4 43. d6 Ne5+ 44. Kg3 Kf7 45. Rb8 Ke6 46. Rxb7 Kxd6 47. Rxa7 e3 48. Rg7 e2 49. Kf2 Nd3+ 50. Kxe2 Nxb2 51. a5 Nc4 52. a6 Nb6 53. a7 Kc6 54. Rg6+ 1-0

[Event "Saint Quentin op 4th"]
[Site "Saint Quentin"]
[Date "2001.04.22"]
[Round "9.35"]
[White "Vallepin, Cedric"]
[Black "Barnier, Christophe"]
[Result "1/2-1/2"]
[WhiteElo "1490"]
[BlackElo "1800"]
[PlyCount "60"]
[EventDate "2001.04.15"]
[EventType "swiss"]
[EventRounds "9"]
[EventCountry "FRA"]
[SourceTitle "EXT 2002"]
[Source "ChessBase"]
[SourceDate "2001.11.25"]
[SourceVersion "1"]
[SourceVersionDate "2001.11.25"]
[SourceQuality "1"]

1. e4 Nc6 2. d4 d5 3. e5 Bf5 4. Ne2 e6 5. c3 f6 6. f4 fxe5 7. fxe5 Qh4+ 8. Ng3 0-0-0 9. Nd2 Bg4 10. Be2 Nh6 11. 0-0 Bxe2 12. Qxe2 Be7 13. Nf3 Qg4 14. Ng5 Qxe2 15. Nxe2 Bxg5 16. Bxg5 Rdf8 17. Nf4 Kd7 18. Bxh6 gxh6 19. Nh5 Ke7 20. Nf6 Rf7 21. Rf3 Rg7 22. Raf1 Nd8 23. h3 Rg5 24. Ng4 Rhg8 25. R1f2 R8g7 26. Nxh6 R5g6 27. Ng4 Nf7 28. Nf6 Nh6 29. Nh5 Rg8 30. Nf6 R8g7 1/2-1/2

[Event "Saint Quentin op 4th"]
[Site "Saint Quentin"]
[Date "2001.04.17"]
[Round "4.28"]
[White "Barnier, Christophe"]
[Black "Scoatarin, Jean"]
[Result "0-1"]
[WhiteElo "1800"]
[BlackElo "2105"]
[PlyCount "134"]
[EventDate "2001.04.15"]
[EventType "swiss"]
[EventRounds "9"]
[EventCountry "FRA"]
[SourceTitle "EXT 2002"]
[Source "ChessBase"]
[SourceDate "2001.11.25"]
[SourceVersion "1"]
[SourceVersionDate "2001.11.25"]
[SourceQuality "1"]

1. d4 Nf6 2. Nf3 c5 3. e3 g6 4. Be2 Bg7 5. 0-0 cxd4 6. exd4 0-0 7. c4 d6 8. Nc3 Nbd7 9. h3 a6 10. a4 b6 11. Be3 Bb7 12. Rc1 e6 13. Qd2 d5 14. cxd5 exd5 15. Bh6 Re8 16. Bxg7 Kxg7 17. Rfe1 Rc8 18. Bd3 Ne4 19. Qf4 Nxc3 20. Rxe8 Qxe8 21. Rxc3 Rxc3 22. bxc3 Nf6 23. Qc7 Qc6 24. Qxc6 Bxc6 25. Bxa6 Ne4 26. c4 dxc4 27. Bxc4 Bxa4 28. Bd3 Nc3 29. Kf1 b5 30. Ke1 Kf6 31. Kd2 b4 32. h4 Bc6 33. Ne1 Be4 34. f3 Bd5 35. Kc2 Ke6 36. h5 gxh5 37. Bxh7 Ne2 38. Kd3 Nf4+ 39. Kc2 b3+ 40. Kb2 Ne2 41. Nd3 h4 42. Nc5+ Kd6 43. Nxb3 Nf4 44. Nd2 Nxg2 45. Ne4+ Bxe4 46. Bxe4 Nf4 47. Bf5 h3 48. Bxh3 Nxh3 49. Kc3 Ng1 50. f4 Ne2+ 51. Kd3 Nxf4+ 52. Ke4 Ne6 53. Kf5 Kd5 54. Kf6 Nd8 55. Kf5 Kxd4 56. Kf6 Kd5 57. Kf5 Kd6 58. Kf6 Kd7 59. Ke5 Ke7 60. Kf5 f6 61. Ke4 Ke6 62. Kf4 f5 63. Ke3 Ke5 64. Kf3 f4 65. Kf2 Ke4 66. Ke2 f3+ 67. Kf2 Ne6 0-1

[Event "Saint Quentin op 4th"]
[Site "Saint Quentin"]
[Date "2001.04.15"]
[Round "1.8"]
[White "Lallemand, Roza"]
[Black "Barnier, Christophe"]
[Result "1-0"]
[WhiteElo "2291"]
[BlackElo "1800"]
[PlyCount "57"]
[EventDate "2001.04.15"]
[EventType "swiss"]
[EventRounds "9"]
[EventCountry "FRA"]
[SourceTitle "EXT 2002"]
[Source "ChessBase"]
[SourceDate "2001.11.25"]
[SourceVersion "1"]
[SourceVersionDate "2001.11.25"]
[SourceQuality "1"]

1. e4 Nc6 2. d4 d5 3. e5 Bf5 4. c3 e6 5. Ne2 Nge7 6. Ng3 Bg6 7. h4 h6 8. h5 Bh7 9. Bd3 Bxd3 10. Qxd3 Qd7 11. Be3 0-0-0 12. Nd2 f6 13. f4 f5 14. b4 Kb8 15. Nb3 Nc8 16. b5 N6e7 17. Nc5 Qe8 18. Nxe6 Rd7 19. a4 Nb6 20. Nc5 Rd8 21. Nxf5 Nxf5 22. Qxf5 Nc4 23. Qd3 Bxc5 24. dxc5 Qe6 25. Bd4 Rhf8 26. 0-0 Qg4 27. Qf3 Qh4 28. Ra2 Qe7 29. Re2 1-0

[Event "FRA-chT4 0001"]
[Site "Champagne Ardenne"]
[Date "2001.03.11"]
[Round "6"]
[White "Aubertin, Henry"]
[Black "Barnier, Christophe"]
[Result "0-1"]
[WhiteElo "1540"]
[BlackElo "1800"]
[PlyCount "52"]
[EventDate "2001.10.??"]
[EventType "team"]
[EventRounds "7"]
[EventCountry "FRA"]
[SourceTitle "EXT 2005"]
[Source "ChessBase"]
[SourceDate "2004.11.15"]
[SourceVersion "1"]
[SourceVersionDate "2004.11.15"]
[SourceQuality "1"]

1. e4 Nc6 2. f4 d5 3. exd5 Qxd5 4. Nc3 Qa5 5. d4 Nf6 6. d5 Bg4 7. Be2 Bxe2 8. Ngxe2 0-0-0 9. Bd2 Nxd5 10. Qc1 e6 11. a3 Nxc3 12. Bxc3 Qh5 13. Qe3 Bc5 14. Qe4 Rhg8 15. b4 Bb6 16. a4 Qd5 17. Qxd5 Rxd5 18. b5 Na5 19. Ng3 Nc4 20. Nf1 Bd4 21. Bxd4 Rxd4 22. g3 Rgd8 23. Kf2 R8d5 24. c3 Rd3 25. Rc1 Kd7 26. Ke2 Kd6 0-1